00424nam a2200169Ia 450000500170000000800410001704000190005804100120007708200190008910000180010824500380012626000240016430000110018850400260019965000190022585000100024420230118095417.0131103s9999 xx 000 0 und d aLoreto College aEnglish a821.1bCOW-ROY aRoy, James A. aCowper & his poetrycJames A. Roy aLondonbHarap & co. a179p.  aIncludes bibliography aEnglish poetry aLCLIB